[Event "Alberta op"]
[Site "Calgary"]
[Date "2002.10.16"]
[Round "3"]
[White "Kuwair, Martin"]
[Black "Chapman, James"]
[Result "1/2-1/2"]
[WhiteElo "1840"]
[BlackElo "1651"]
[PlyCount "64"]
[EventDate "2002.10.15"]
[EventType "swiss"]
[EventRounds "6"]
[EventCountry "CAN"]
[SourceTitle "EXT 2007"]
[Source "ChessBase"]
[SourceDate "2006.11.23"]
[SourceVersion "1"]
[SourceVersionDate "2006.11.23"]
[SourceQuality "1"]

1. e4 c5 2. Bc4 d6 3. Nc3 a6 4. f4 Nc6 5. Qh5 g6 6. Qd1 Bg7 7. Nf3 e6 8. 0-0 Nge7 9. Bb3 Qc7 10. a3 b5 11. d3 Bb7 12. Ne2 Rc8 13. Qe1 c4 14. dxc4 Na5 15. Ng3 Nxc4 16. c3 d5 17. e5 0-0 18. Bc2 Rfd8 19. h4 Nc6 20. h5 d4 21. hxg6 hxg6 22. Ne4 N6xe5 23. fxe5 Nxe5 24. Nxe5 Qxe5 25. Bf4 Qd5 26. Bh6 f5 27. Bxg7 Kxg7 28. Qf2 d3 29. Bxd3 Qxd3 30. Ng5 Qd6 31. Rfe1 Bd5 32. Qd4+ Kg8 1/2-1/2